00329nam a2200133Ia 4500003000400000005001700004008004100021040000700062041000800069082002100077100002200098245003200120260004300152OSt20230516153058.0210423s1974 xx 000 0 und d cAL aeng a302.2 223bROBM aROBERGE (Gaston). aMass communication and man. aAllahabadbBetter Yourself Booksc1974